000 00205nam a22000977a 4500
020 _a9788184827071
082 _aK930
245 _aCLEVER MINISTERS - 3 IN 1 - AMAR CHITRA KATHA
300 _a32P
942 _cBK
999 _c8602
_d8602